<?xml version="1.0" encoding="UTF-8"?>
<record
    xmlns:xsi="http://www.w3.org/2001/XMLSchema-instance"
    xsi:schemaLocation="http://www.loc.gov/MARC21/slim http://www.loc.gov/standards/marcxml/schema/MARC21slim.xsd"
    xmlns="http://www.loc.gov/MARC21/slim">

  <leader>00799nam a2200241 i 4500</leader>
  <controlfield tag="001">140918</controlfield>
  <controlfield tag="003">ES-MaACL</controlfield>
  <controlfield tag="005">20250822060840.0</controlfield>
  <controlfield tag="007">t|</controlfield>
  <controlfield tag="008">070918s1971    sp           ||||1| spa d</controlfield>
  <datafield tag="080" ind1=" " ind2=" ">
    <subfield code="a">860 Espronceda, Jos&#xE9; 1.06</subfield>
  </datafield>
  <datafield tag="100" ind1="0" ind2=" ">
    <subfield code="a">Yndur&#xE1;in, Domingo, </subfield>
    <subfield code="d">1943-2003</subfield>
    <subfield code="9">117645</subfield>
  </datafield>
  <datafield tag="245" ind1="1" ind2="0">
    <subfield code="a">An&#xE1;lisis formal de la poes&#xED;a de Espronceda / </subfield>
    <subfield code="c">Domingo Yndur&#xE1;in ; pr&#xF3;logo de Rafael Lapesa.</subfield>
  </datafield>
  <datafield tag="260" ind1=" " ind2=" ">
    <subfield code="a">[Madrid] : </subfield>
    <subfield code="b">Taurus, </subfield>
    <subfield code="c">[1971]</subfield>
  </datafield>
  <datafield tag="300" ind1=" " ind2=" ">
    <subfield code="a">644 p. ; </subfield>
    <subfield code="c">21 cm.</subfield>
  </datafield>
  <datafield tag="490" ind1="1" ind2=" ">
    <subfield code="a">Persiles ; </subfield>
    <subfield code="v">43</subfield>
  </datafield>
  <datafield tag="600" ind1="1" ind2="4">
    <subfield code="a">Espronceda, Jos&#xE9; de,</subfield>
    <subfield code="d">1808-1842-</subfield>
    <subfield code="x">Cr&#xED;tica e interpretaci&#xF3;n</subfield>
    <subfield code="9">47952</subfield>
  </datafield>
  <datafield tag="700" ind1="0" ind2=" ">
    <subfield code="a">Lapesa, Rafael, </subfield>
    <subfield code="d">1908-2001</subfield>
    <subfield code="9">70146</subfield>
  </datafield>
  <datafield tag="830" ind1="0" ind2="0">
    <subfield code="a">Persiles ;</subfield>
    <subfield code="v">43</subfield>
    <subfield code="9">236720</subfield>
  </datafield>
  <datafield tag="852" ind1=" " ind2=" ">
    <subfield code="a">ES-MaACL</subfield>
    <subfield code="j">C-39128 </subfield>
    <subfield code="b">R.79543</subfield>
  </datafield>
  <datafield tag="942" ind1=" " ind2=" ">
    <subfield code="2">udc</subfield>
  </datafield>
  <datafield tag="999" ind1=" " ind2=" ">
    <subfield code="c">140918</subfield>
    <subfield code="d">140918</subfield>
  </datafield>
  <datafield tag="952" ind1=" " ind2=" ">
    <subfield code="0">0</subfield>
    <subfield code="1">0</subfield>
    <subfield code="4">0</subfield>
    <subfield code="7">0</subfield>
    <subfield code="a">ATENEOM</subfield>
    <subfield code="b">ATENEOM</subfield>
    <subfield code="c">DEPO2</subfield>
    <subfield code="d">2008-01-17</subfield>
    <subfield code="e">SC</subfield>
    <subfield code="l">0</subfield>
    <subfield code="o">C-39128</subfield>
    <subfield code="p">1146633</subfield>
    <subfield code="r">2023-02-23 00:00:00</subfield>
    <subfield code="w">2023-02-23</subfield>
    <subfield code="y">MONOGRAFIA</subfield>
  </datafield>
</record>
